000 00339nam a2200145Ia 4500
008 230711s9999||||xx |||||||||||||| ||und||
041 _aENG
082 _a720
_bHA-C
100 _aHasan,Uddin Khan
245 0 _aCharles Correa
250 _a1st
260 _c1987
_aNew Delhi
_bAbhishek Publications
650 _aArchitecture
942 _cBK
999 _c3918
_d3918